00863nam a22002177a 4500999001900000005001700019010001500036020002600051035001400077037001300091082001100104245021300115260004100328270004900369300002100418700001600439700002200455700002000477942002500497952012300522 c189158d18915820220621145256.0 aENG-133294 a9788190932219c800.00 aEN-116826 bDBAD/PUB a633.84 aCrop Improvement Strategies For Sustainable Agriculture:bProceedings of National Seminar on Crop Improvement Strategies for Sustainable Agriculture/cEdited by M. Prakash, P. Senthil Kumar and Y. Anbu Selvam aChidambarambVelan Pathippagamc2009 aNo. 5, S.P. Koil StreetbChidambarame608001 a350p.c24cm(pbk) aPrakash, M. aKumar, P. Senthil aSelvam, Y. Anbu 2ddccENh633.84mPRA 001040708NFICaZLSbZLSd2022-06-21eDBAD/PUBg800.00l0o633.84 PRApEN-116826r2022-06-21 00:00:00t1v800.00yEN